[Event "POL-chT U20 1st League"]
[Site "Kudowa Zdroj"]
[Date "2018.07.23"]
[Round "3.22"]
[White "Dalkowski, Rafal"]
[Black "Knapik, Kamil"]
[Result "1/2-1/2"]
[WhiteElo "1510"]
[BlackElo "1479"]
[PlyCount "62"]
[EventDate "2018.07.21"]
[EventType "team-tourn"]
[EventRounds "9"]
[EventCountry "POL"]
[SourceTitle "CBM 186 Extra"]
[Source "ChessBase"]
[SourceDate "2018.08.24"]
[SourceVersion "1"]
[SourceVersionDate "2018.08.24"]
[SourceQuality "1"]

1. d4 d5 2. c4 c6 3. Nc3 Nf6 4. Nf3 e6 5. Bg5 Be7 6. e3 Nbd7 7. cxd5 exd5 8. Bd3 h6 9. Bh4 0-0 10. 0-0 Re8 11. Re1 Ne4 12. Bg3 Ndf6 13. Ne5 Bd6 14. Nxe4 Nxe4 15. Bxe4 dxe4 16. Qc2 Bf5 17. a4 h5 18. h3 Qc7 19. f4 f6 20. Nc4 Bb4 21. Red1 Rad8 22. Rac1 Qe7 23. Qe2 Qf7 24. Be1 Bxe1 25. Qxe1 Be6 26. Qb4 Rd7 27. a5 Qg6 28. Kh2 h4 29. Qe1 Qh5 30. Rd2 Bxc4 31. Rxc4 Qxa5 1/2-1/2

[Event "POL-chT U20 1st League"]
[Site "Kudowa Zdroj"]
[Date "2018.07.21"]
[Round "1.28"]
[White "Dziewonski, Dariusz"]
[Black "Knapik, Kamil"]
[Result "1/2-1/2"]
[WhiteElo "1733"]
[BlackElo "1479"]
[PlyCount "62"]
[EventDate "2018.07.21"]
[EventType "team-tourn"]
[EventRounds "9"]
[EventCountry "POL"]
[SourceTitle "CBM 186 Extra"]
[Source "ChessBase"]
[SourceDate "2018.08.24"]
[SourceVersion "1"]
[SourceVersionDate "2018.08.24"]
[SourceQuality "1"]

1. e4 c5 2. Nf3 Nc6 3. d4 cxd4 4. Nxd4 e5 5. Nb5 Nf6 6. Bg5 Bc5 7. N1c3 h6 8. Bh4 a6 9. Nd6+ Bxd6 10. Qxd6 Nxe4 11. Qxc6 bxc6 12. Bxd8 Nxc3 13. Bc7 Ne4 14. f3 Ng5 15. Bxe5 0-0 16. Bd6 Re8+ 17. Kf2 Re6 18. Rd1 Rf6 19. Bd3 Rxd6 20. Bh7+ Kf8 21. Rxd6 Nxh7 22. c4 Nf6 23. Rhd1 a5 24. R6d3 Ba6 25. Rc3 Rb8 26. b3 Re8 27. Re3 Rb8 28. Rc3 Re8 29. Re1 Rb8 30. Rd1 Re8 31. Re3 Kg8 1/2-1/2